Álbum para la juventud Op. 68 y escenas infantiles Op. 15 para piano a dos manos = Album para a Juventude Op. 68 e Scenas Infantis Op.15 para piano a duas mãos.
I tiakina i:
| Kaituhi matua: | |
|---|---|
| Hōputu: | Titonga tōpū Pukapuka |
| Reo: | Pāniora |
| I whakaputaina: |
Barcelona, España:
Música Boileau; Edición Ibérica,
2008.
|
| Putanga: | Edición bilingüe (español-portugués). |
| Rangatū: | Ibérica,
|
| Ngā marau: | |
| Ngā Tūtohu: |
Tāpirihia he Tūtohu
Kāore He Tūtohu, Me noho koe te mea tuatahi ki te tūtohu i tēnei pūkete!
|
MARC
| LEADER | 00000ndm a22000007a 4500 | ||
|---|---|---|---|
| 003 | CL-VaPUC | ||
| 005 | 20250407202502.0 | ||
| 008 | 250325t2008 ||||| |||| 00| 0 spa d | ||
| 999 | |c 447645 |d 447643 | ||
| 020 | |a 978-84-8020-347-1 | ||
| 040 | |c Pontificia Universidad Católica de Valparaíso | ||
| 082 | |2 22 |a Pn786.2 SCH 2008 | ||
| 100 | |9 352841 |a Schumann, Robert, |e 1810-1856 |e autor | ||
| 245 | |a Álbum para la juventud Op. 68 y escenas infantiles Op. 15 para piano a dos manos = Album para a Juventude Op. 68 e Scenas Infantis Op.15 para piano a duas mãos. | ||
| 250 | |a Edición bilingüe (español-portugués). | ||
| 260 | |a Barcelona, España: |b Música Boileau; |b Edición Ibérica, |c 2008. | ||
| 300 | |a 56 Partituras (72 páginas). | ||
| 490 | |a Ibérica, |n 36. | ||
| 500 | |a c.1-2: Instituto Arcos. 08-01-2025 | ||
| 583 | |c 20250325 |k Yessy Sthefany Diaz Vidal | ||
| 600 | 1 | 7 | |9 606757 |a Schumann, Robert, |d 1810-1856 |x compositor |
| 650 | 0 | |9 623950 |a Música para piano a dos manos |x Piezas fáciles |v Partituras |y Siglo 19 | |
| 942 | |2 ddc |c BK |n 0 | ||
| 952 | |0 0 |1 0 |2 ddc |4 0 |6 PN_786_200000000000000_SCH_2008 |7 0 |8 A |9 601866 |a BIBINC |b BIBINC |d 2025-03-25 |e Instituto Arcos |i 5666703 |o Pn786.2 SCH 2008 |p 5666703 |r 2025-03-25 |t 1 |w 2025-03-25 |y BK |k IFP | ||
| 952 | |0 0 |1 0 |2 ddc |4 0 |6 PN_786_200000000000000_SCH_2008 |7 0 |8 A |9 601867 |a BIBINC |b BIBINC |d 2025-03-25 |e Instituto Arcos |i 5666704 |o Pn786.2 SCH 2008 |p 5666704 |r 2025-03-25 |t 2 |w 2025-03-25 |y BK |k IFP | ||